Hard F1 quiz - Statistics

General Stats
  • This quiz has been taken 117 times
    115 since last reset
  • The average score is 12 of 15
Answer Stats
Název Answer % Correct
Which driver holds the record for the most wins an pole positions? Lewis Hamilton
95%
Which driver holds the record for the most race starts? Fernando Alonso
91%
Which pilot do people nickname GOATIFI? Nicolas Latifi
91%
Which driver was famous for his rivality with Ayrton Senna Alain Prost
88%
Who was the youngest F1 driver to win a race? Max Verstappen
88%
Who finished first in the race in Imola where Ayrton Senna died? Michael Schumacher
88%
Which driver had a special talent on wet tracks? Ayrton Senna
87%
What does the acronym DRS mean ? Drag Reduction System
86%
Which driver won the first championship ever Giuseppe Farina
80%
At what grand prix did Niki Lauda crash? Nürburgring /Germany
78%
Who was the last F1 driver to die on the track? Jules Bianchi
78%
Which driver is the only one in history to win a race for Alphatauri? Pierre Gasly
78%
Which driver holds the record for the oldest champion of the World(46) Juan Manuel Fangio
74%
Which driver has driven the most races for McLaren in history? Lando Norris
66%
What is the name of the oldest living world champion? Jackie Stewart
65%
No matching quizzes found
Score Distribution
Percent of People with Each Score
Percentile by Number Answered
Your Score History
You have not taken this quiz since the last reset